| 000 -LEADER |
| fixed length control field |
01832cam a2200409 i 4500 |
| 001 - CONTROL NUMBER |
| control field |
18642012 |
| 003 - CONTROL NUMBER IDENTIFIER |
| control field |
NUST |
| 005 - DATE AND TIME OF LATEST TRANSACTION |
| control field |
20220301101928.0 |
| 008 - FIXED-LENGTH DATA ELEMENTS--GENERAL INFORMATION |
| fixed length control field |
150603t20162016maua b 001 0 eng |
| 010 ## - LIBRARY OF CONGRESS CONTROL NUMBER |
| LC control number |
2015019386 |
| 020 ## - INTERNATIONAL STANDARD BOOK NUMBER |
| International Standard Book Number |
9781118773208 (paperback) |
| 038 ## - RECORD CONTENT LICENSOR |
| Staff Name |
waseem |
| 040 ## - CATALOGING SOURCE |
| Original cataloging agency |
DLC |
| Language of cataloging |
eng |
| Transcribing agency |
DLC |
| Description conventions |
rda |
| Modifying agency |
DLC |
| 042 ## - AUTHENTICATION CODE |
| Authentication code |
pcc |
| 050 00 - LIBRARY OF CONGRESS CALL NUMBER |
| Classification number |
RC467.8 |
| Item number |
.B37 2016 |
| 082 00 - DEWEY DECIMAL CLASSIFICATION NUMBER |
| Classification number |
616.89 |
| Author Mark |
BAR |
| 084 ## - OTHER CLASSIFICATION NUMBER |
| Classification number |
PSY007000 |
| Number source |
bisacsh |
| 100 1# - MAIN ENTRY--PERSONAL NAME |
| Personal name |
Barker, Chris, |
| Dates associated with a name |
1948- |
| 9 (RLIN) |
89927 |
| 245 10 - TITLE STATEMENT |
| Title |
Research methods in clinical psychology : |
| Remainder of title |
an introduction for students and practitioners / |
| Statement of responsibility, etc. |
Chris Barker and Nancy Pistrang, University College London and Robert Elliott, University of Strathclyde. |
| 250 ## - EDITION STATEMENT |
| Edition statement |
Third edition. |
| 264 #1 - PRODUCTION, PUBLICATION, DISTRIBUTION, MANUFACTURE, AND COPYRIGHT NOTICE |
| Place of production, publication, distribution, manufacture |
U.S.A : |
| Name of producer, publisher, distributor, manufacturer |
Wiley Blackwell, |
| Date of production, publication, distribution, manufacture, or copyright notice |
2016. |
| 300 ## - PHYSICAL DESCRIPTION |
| Extent |
xii, 293 pages : |
| Other physical details |
illustrations ; |
| Dimensions |
25 cm |
| 336 ## - CONTENT TYPE |
| Content type term |
text |
| Source |
rdacontent |
| 337 ## - MEDIA TYPE |
| Media type term |
unmediated |
| Source |
rdamedia |
| 338 ## - CARRIER TYPE |
| Carrier type term |
volume |
| Source |
rdacarrier |
| 504 ## - BIBLIOGRAPHY, ETC. NOTE |
| Bibliography, etc. note |
Includes bibliographical references and indexes. |
| 520 ## - SUMMARY, ETC. |
| Summary, etc. |
"Offers a comprehensive introduction to the various methods, approaches, and strategies for conducting research in the clinical psychology field"-- |
| Assigning source |
Provided by publisher. |
| 563 ## - BINDING INFORMATION |
| Binding note |
PBK. |
| 650 #7 - SUBJECT ADDED ENTRY--TOPICAL TERM |
| Topical term or geographic name entry element |
PSYCHOLOGY / Clinical Psychology. |
| Source of heading or term |
bisacsh |
| 9 (RLIN) |
89928 |
| 700 1# - ADDED ENTRY--PERSONAL NAME |
| Personal name |
Pistrang, Nancy. |
| 9 (RLIN) |
89929 |
| 700 1# - ADDED ENTRY--PERSONAL NAME |
| Personal name |
Elliott, Robert, |
| Dates associated with a name |
1950- |
| 9 (RLIN) |
89930 |
| 776 08 - ADDITIONAL PHYSICAL FORM ENTRY |
| Relationship information |
Online version: |
| Main entry heading |
Barker, Chris, 1948- |
| Title |
Research methods in clinical psychology |
| Edition |
Third edition. |
| Place, publisher, and date of publication |
Malden, MA : John Wiley and Sons, Inc., 2016 |
| International Standard Book Number |
9781118773178 |
| Record control number |
(DLC) 2015022392 |
| 856 42 - ELECTRONIC LOCATION AND ACCESS |
| Materials specified |
Cover image |
| Uniform Resource Identifier |
<a href="http://catalogimages.wiley.com/images/db/jimages/9781118773208.jpg">http://catalogimages.wiley.com/images/db/jimages/9781118773208.jpg</a> |
| 906 ## - LOCAL DATA ELEMENT F, LDF (RLIN) |
| a |
7 |
| b |
cbc |
| c |
orignew |
| d |
1 |
| e |
ecip |
| f |
20 |
| g |
y-gencatlg |
| 942 ## - ADDED ENTRY ELEMENTS (KOHA) |
| Source of classification or shelving scheme |
|
| Koha item type |
Book |